Trivia #4 - Sports Teams - Statistics

General Stats
  • This quiz has been taken 49 times
    43 since last reset
  • The average score is 7 of 15
Answer Stats
Hint Answer % Correct
Mike Tyson famously had one of these as a pet... Tiger (Bengal)
90%
Henry VIII, George III, Julian Kings
69%
Each state in the US elects two representatives to send to congress. They are called? Senators
69%
Name one of the two rival gangs in West Side Story? Jets and Sharks
54%
In the same stroke, this group of people moved down into Ireland from the north and assimilated the previous answers culture to their own Vikings
51%
Although they had an enormous population in mainland Europe, this group of people are most notably remembered as the first to populate Ireland Celtics
49%
Part of an engine that helps propel a vehicle in a certain direction, often associated with horsepower Pistons
49%
_____, beets, battlestar gallactica Bears
46%
Milan, Copenhagen, Sofia Capitals
41%
Also called rattlesnakes, if left untreated, a bite from one of these could cause organ failure Diamondback
41%
In the literal sense, it might be the first person to move west after the Louisiana Purchase, now adays it might refer to someone who is the first to do something before it becomes popular Trail Blazer
36%
Cronus, Atlas, Hyperion Titans
33%
Wouldn't want to run into any of these while on a cruise! Pirates/Hurricanes
31%
It is considered rude to wear these to a wedding White Sox
15%
"Strider" or Aragorn, was one of these before joining the Fellowship of the Ring Rangers
10%
No matching quizzes found
Score Distribution
Percent of People with Each Score
Percentile by Number Answered
Your Score History
You have not taken this quiz since the last reset